| 000 | 00661nam a22002057a 4500 | ||
|---|---|---|---|
| 999 |
_c18603 _d18603 |
||
| 003 | AR-CdUCM | ||
| 008 | 190514b ||||| |||| 00| 0 spa d | ||
| 040 |
_aMUNICIPALIDAD PROVINCIAL DEL CUSCO _cBIBLIOTECA MUNICIPAL DEL CUSCO |
||
| 082 |
_a617 / _bEP68 |
||
| 100 |
_aEparvier, J. _939289 |
||
| 245 | _aLos milagros de la cirugia / | ||
| 260 |
_aMadrid : _bAguilar, _c1955. |
||
| 300 |
_a226 paginas ; _c19.5 cm. |
||
| 505 | _aContenido: La gran cirugia -- Cirugia reparadora -- La cirugia estetica | ||
| 650 |
_aCirugia _918641 |
||
| 650 |
_aMilagros _92981 |
||
| 700 |
_aCordon Bonet, Baldomero _939290 |
||
| 942 |
_2ddc _cLIBROS |
||
| 945 |
_apjha _d2019-05-14 |
||